[Event "SVK-chT2B 2223"]
[Site "Slovakia"]
[Date "2023.01.15"]
[Round "7.5"]
[White "Prasek, Ivan"]
[Black "Batora, Matej"]
[Result "0-1"]
[WhiteElo "2035"]
[BlackElo "2001"]
[PlyCount "48"]
[EventDate "2022.10.08"]
[EventType "team-tourn"]
[EventRounds "11"]
[EventCountry "SVK"]
[SourceTitle "EXT 2024"]
[Source "ChessBase"]
[SourceDate "2023.10.10"]
[SourceVersion "1"]
[SourceVersionDate "2023.10.10"]
[SourceQuality "1"]
[WhiteTeam "Topolcany II"]
[BlackTeam "Tlmace"]
[WhiteTeamCountry "SVK"]
[BlackTeamCountry "SVK"]

1. e4 c5 2. Nf3 d6 3. d4 cxd4 4. Nxd4 Nf6 5. Nc3 a6 6. Be3 e6 7. g3 b5 8. a3 Bb7 9. Bg2 Nbd7 10. 0-0 Rc8 11. Qe2 Ne5 12. Bg5 Be7 13. f4 Qb6 14. fxe5 Qxd4+ 15. Rf2 dxe5 16. Rd1 Qc4 17. Qf3 0-0 18. Rdf1 a5 19. Re1 b4 20. axb4 Qxb4 21. Rb1 Rc4 22. Bd2 Bc5 23. Be3 Rxc3 24. Bxc5 Rxc5 0-1

[Event "SVK-chT2B 2122"]
[Site "Slovakia"]
[Date "2021.10.17"]
[Round "2.3"]
[White "Viczencz, Peter"]
[Black "Prasek, Ivan"]
[Result "0-1"]
[WhiteElo "2018"]
[BlackElo "2070"]
[PlyCount "68"]
[EventDate "2021.10.16"]
[EventType "team-tourn"]
[EventRounds "11"]
[EventCountry "SVK"]
[SourceTitle "EXT 2023"]
[Source "ChessBase"]
[SourceDate "2022.10.05"]
[SourceVersion "1"]
[SourceVersionDate "2022.10.05"]
[SourceQuality "1"]
[WhiteTeam "Komarno II"]
[BlackTeam "Topolcany II"]
[WhiteTeamCountry "SVK"]
[BlackTeamCountry "SVK"]

1. e4 e5 2. Nf3 Nc6 3. Bc4 Nf6 4. d3 Bc5 5. c3 d6 6. b4 Bb6 7. a4 a6 8. 0-0 h6 9. Be3 Bxe3 10. fxe3 0-0 11. Qe1 d5 12. exd5 Nxd5 13. Na3 Re8 14. Qf2 Be6 15. b5 axb5 16. axb5 Na5 17. Nxe5 Nxc4 18. dxc4 Nxc3 19. Qc2 Na4 20. Nb1 Qg5 21. Nxf7 Qxe3+ 22. Kh1 Nc5 23. Rxa8 Rxa8 24. Qg6 Rf8 25. Nxh6+ Qxh6 26. Rxf8+ Kxf8 27. Qc2 Qf4 28. Nd2 Bf5 29. Qd1 Nd3 30. Qh5 Nf2+ 31. Kg1 Ng4 32. Qh8+ Kf7 33. Qh5+ Ke7 34. Qh4+ Kd7 0-1

[Event "SVK-chT1W 1920"]
[Site "Slovakia"]
[Date "2020.02.23"]
[Round "9.6"]
[White "Petrik, Stanislav"]
[Black "Prasek, Ivan"]
[Result "0-1"]
[WhiteElo "2154"]
[BlackElo "2053"]
[PlyCount "76"]
[EventDate "2019.10.12"]
[EventType "team-tourn"]
[EventRounds "11"]
[EventCountry "SVK"]
[SourceTitle "CBM 195 Extra"]
[Source "ChessBase"]
[SourceDate "2020.05.31"]
[SourceVersion "1"]
[SourceVersionDate "2020.05.31"]
[SourceQuality "1"]
[WhiteTeam "Bratislava Doprastav"]
[BlackTeam "Dubnica nad Vahom II"]
[WhiteTeamCountry "SVK"]
[BlackTeamCountry "SVK"]

1. e4 e5 2. Nf3 Nc6 3. c3 Nf6 4. d4 Nxe4 5. dxe5 d5 6. exd6 Bxd6 7. Bd3 Nc5 8. Bc2 Qe7+ 9. Be3 Bg4 10. b4 Nd7 11. Nbd2 0-0 12. 0-0 Nce5 13. Be4 c6 14. h3 Bh5 15. Qc2 Nf6 16. Nd4 Nxe4 17. Qxe4 Bg6 18. Nf5 Bxf5 19. Qxf5 a5 20. a3 axb4 21. axb4 Qd7 22. Qxd7 Nxd7 23. Nc4 Be5 24. Nxe5 Nxe5 25. Bd4 Nc4 26. Rfe1 Rxa1 27. Rxa1 f5 28. Ra7 Rf7 29. g3 Re7 30. Kg2 Nd2 31. Bc5 Rd7 32. Ra8+ Kf7 33. Rb8 Ke6 34. Be3 Nc4 35. Bd4 Nd2 36. h4 g6 37. Re8+ Kd5 38. Re3 Kc4 0-1

[Event "SVK-chT1W 1718"]
[Site "Slovakia"]
[Date "2018.02.17"]
[Round "8.6"]
[White "Prasek, Ivan"]
[Black "Hrstka, Samuel"]
[Result "1-0"]
[WhiteElo "2061"]
[BlackElo "1918"]
[PlyCount "139"]
[EventDate "2017.10.21"]
[EventType "team-tourn"]
[EventRounds "11"]
[EventCountry "SVK"]
[SourceTitle "EXT 2019"]
[Source "ChessBase"]
[SourceDate "2018.10.10"]
[SourceVersion "1"]
[SourceVersionDate "2018.10.10"]
[SourceQuality "1"]
[WhiteTeam "Dubnica nad Vahom II"]
[BlackTeam "Nitra ASK"]
[WhiteTeamCountry "SVK"]
[BlackTeamCountry "SVK"]

1. e4 e5 2. Nf3 Nc6 3. d4 exd4 4. Nxd4 Bc5 5. Be3 Qf6 6. Nb5 Bxe3 7. fxe3 Qh4+ 8. g3 Qxe4 9. Nxc7+ Kd8 10. Nxa8 Qxh1 11. Qd6 Nf6 12. Nd2 Qd5 13. Qc7+ Ke7 14. 0-0-0 Qe5 15. Nc4 Qxc7 16. Nxc7 d5 17. Nxd5+ Nxd5 18. Rxd5 Be6 19. Rd2 Rc8 20. Nd6 Rc7 21. Bg2 Nb4 22. a3 Nxc2 23. Nb5 Rc5 24. Rxc2 Rxb5 25. Rc7+ Kd6 26. Rxb7 Rc5+ 27. Kd2 a5 28. Be4 Rh5 29. h4 Re5 30. Bd3 Kc6 31. Rb8 h5 32. Rg8 g6 33. Rd8 Bb3 34. Rc8+ Kd7 35. Rb8 Be6 36. Rb5 Kd6 37. b4 axb4 38. axb4 Rxb5 39. Bxb5 Ke5 40. Bc6 Kf5 41. Ke2 Ke5 42. Kf3 Bg4+ 43. Kf2 Kd6 44. Bf3 Bd7 45. Ke1 Ke5 46. Kd2 f6 47. Kc3 Bb5 48. Kd2 Be8 49. Ke2 Bb5+ 50. Kf2 Bd7 51. Be2 Ke4 52. b5 Kd5 53. b6 Kd6 54. Bf3 Bb5 55. Ke1 Ba6 56. Kd2 Bc4 57. Kc3 Ba6 58. Kd4 Bb5 59. b7 Kc7 60. Bd5 Be8 61. e4 g5 62. hxg5 fxg5 63. e5 Bb5 64. e6 h4 65. g4 h3 66. e7 Be8 67. Ke5 h2 68. Kf6 Kb8 69. Kxg5 Bf7 70. Bf3 1-0

[Event "SVK-chT2B 1718"]
[Site "Slovakia"]
[Date "2018.01.13"]
[Round "5.5"]
[White "Prasek, Ivan"]
[Black "Sopko, Rudolf"]
[Result "1/2-1/2"]
[WhiteElo "2068"]
[BlackElo "1778"]
[PlyCount "56"]
[EventDate "2017.10.28"]
[EventType "team-tourn"]
[EventRounds "11"]
[EventCountry "SVK"]
[SourceTitle "EXT 2019"]
[Source "ChessBase"]
[SourceDate "2018.10.10"]
[SourceVersion "1"]
[SourceVersionDate "2018.10.10"]
[SourceQuality "1"]
[WhiteTeam "Topolcany"]
[BlackTeam "Trencin"]
[WhiteTeamCountry "SVK"]
[BlackTeamCountry "SVK"]

1. e4 e5 2. Nf3 Nf6 3. d4 Nxe4 4. Bd3 d5 5. Nxe5 Nf6 6. 0-0 Be7 7. Re1 0-0 8. Bf4 c5 9. c3 Nc6 10. Qe2 Be6 11. dxc5 Bxc5 12. Nd2 Qb6 13. b4 Be7 14. Ndf3 a5 15. a3 axb4 16. axb4 Rxa1 17. Rxa1 d4 18. Nxc6 Qxc6 19. Nxd4 Qxc3 20. Rd1 Bg4 21. Qe3 Bxb4 22. Rc1 Qa3 23. Nc2 Qa5 24. Nxb4 Qxb4 25. Rc4 Qa5 26. Rc5 Qa1+ 27. Rc1 Qa5 28. Rc5 Qa1+ 1/2-1/2

[Event "SVK-chT1W 1617"]
[Site "Slovakia"]
[Date "2017.03.19"]
[Round "11.5"]
[White "Prasek, Ivan"]
[Black "Batora, Matej"]
[Result "0-1"]
[WhiteElo "2050"]
[BlackElo "1928"]
[PlyCount "114"]
[EventDate "2016.10.15"]
[EventType "team-tourn"]
[EventRounds "11"]
[EventCountry "SVK"]
[SourceTitle "EXT 2019"]
[Source "ChessBase"]
[SourceDate "2018.10.10"]
[SourceVersion "1"]
[SourceVersionDate "2018.10.10"]
[SourceQuality "1"]
[WhiteTeam "Dubnica nad Vahom II"]
[BlackTeam "Nitra NSK"]
[WhiteTeamCountry "SVK"]
[BlackTeamCountry "SVK"]

1. e4 c5 2. c3 Nf6 3. e5 Nd5 4. Nf3 e6 5. d4 cxd4 6. cxd4 d6 7. Nc3 Nxc3 8. bxc3 Qc7 9. Bd2 Nd7 10. exd6 Bxd6 11. Bd3 b6 12. 0-0 Bb7 13. Re1 0-0 14. Ng5 Nf6 15. Re3 Bxh2+ 16. Kh1 Bf4 17. Rh3 h6 18. Nf3 Ne4 19. Bxe4 Bxe4 20. Bxf4 Qxf4 21. Qe1 Bxf3 22. Rxf3 Qg5 23. Rg3 Qa5 24. Qd2 Kh8 25. Re1 Rad8 26. Re4 e5 27. Reg4 Rxd4 28. Rxd4 exd4 29. Qxd4 Qh5+ 30. Rh3 Qg5 31. Rg3 Rd8 32. Rxg5 Rxd4 33. cxd4 hxg5 34. Kh2 Kg8 35. Kg3 f5 36. f4 Kf7 37. fxg5 g6 38. Kf4 Ke6 39. Ke3 Kd5 40. Kd3 b5 41. Kc3 a5 42. a3 b4+ 43. axb4 axb4+ 44. Kxb4 Kxd4 45. g3 Ke4 46. Kc4 Kf3 47. Kd5 Kxg3 48. Ke6 f4 49. Kf6 f3 50. Kxg6 f2 51. Kh7 f1Q 52. g6 Qh3+ 53. Kg8 Kf4 54. g7 Kf5 55. Kf7 Qb3+ 56. Kf8 Kf6 57. g8N+ Ke6 0-1

[Event "SVK-chT1W 1617"]
[Site "Slovakia"]
[Date "2016.12.10"]
[Round "5.4"]
[White "Prasek, Ivan"]
[Black "Obona, Jan"]
[Result "1-0"]
[WhiteElo "2050"]
[BlackElo "2222"]
[PlyCount "85"]
[EventDate "2016.10.15"]
[EventType "team-tourn"]
[EventRounds "11"]
[EventCountry "SVK"]
[SourceTitle "EXT 2018"]
[Source "ChessBase"]
[SourceDate "2017.10.13"]
[SourceVersion "1"]
[SourceVersionDate "2017.10.13"]
[SourceQuality "1"]
[WhiteTeam "Dubnica nad Vahom II"]
[BlackTeam "Povazska Bystrica"]
[WhiteTeamCountry "SVK"]
[BlackTeamCountry "SVK"]

1. e4 c5 2. c3 Nf6 3. e5 Nd5 4. d4 cxd4 5. Nf3 Nc6 6. Bc4 Nb6 7. Bb3 g6 8. Ng5 d5 9. exd6 e6 10. Qf3 Ne5 11. Qg3 Bg7 12. 0-0 0-0 13. cxd4 Nec4 14. Ne4 Bd7 15. Nbc3 Bc6 16. Re1 Bd5 17. h4 h6 18. h5 g5 19. Nxd5 exd5 20. Nxg5 Qxd6 21. Bf4 Qf6 22. Nf3 Rfe8 23. Ne5 Nxe5 24. dxe5 Qe6 25. Rac1 Rac8 26. Rxc8 Rxc8 27. Bd1 Rf8 28. Re3 Nc4 29. Bg4 f5 30. exf6 Qxf6 31. Rf3 Qxb2 32. Be6+ Kh8 33. Bxd5 Rxf4 34. Rxf4 Qb1+ 35. Kh2 Ne5 36. Rf8+ Kh7 37. Bg8+ Kh8 38. Bf7+ Kh7 39. Bg6+ Nxg6 40. Qxg6+ Qxg6 41. hxg6+ Kxg6 42. Rd8 Be5+ 43. g3 1-0

[Event "SVK-chT1W 1617"]
[Site "Slovakia"]
[Date "2016.11.20"]
[Round "4.4"]
[White "Prasek, Ivan"]
[Black "Janos, Martin"]
[Result "1-0"]
[WhiteElo "2050"]
[BlackElo "2217"]
[PlyCount "119"]
[EventDate "2016.10.15"]
[EventType "team-tourn"]
[EventRounds "11"]
[EventCountry "SVK"]
[SourceTitle "EXT 2018"]
[Source "ChessBase"]
[SourceDate "2017.10.13"]
[SourceVersion "1"]
[SourceVersionDate "2017.10.13"]
[SourceQuality "1"]
[WhiteTeam "Dubnica nad Vahom II"]
[BlackTeam "Bratislava Slovan II"]
[WhiteTeamCountry "SVK"]
[BlackTeamCountry "SVK"]

1. e4 c5 2. Nf3 Nc6 3. d4 cxd4 4. Nxd4 e5 5. Nb5 d6 6. c4 f5 7. exf5 Bxf5 8. Bd3 Be6 9. 0-0 Be7 10. N1c3 a6 11. Na3 Nf6 12. Nc2 0-0 13. Nd5 Bf7 14. Nce3 Nd4 15. Nxe7+ Qxe7 16. Re1 Rad8 17. b3 d5 18. Bb2 Nc6 19. cxd5 Nxd5 20. Nxd5 Rxd5 21. Qf3 Qd8 22. Be4 Rd6 23. Bxc6 bxc6 24. Bxe5 Rg6 25. Bg3 Bd5 26. Qc3 h5 27. h4 Rff6 28. Re2 Qd7 29. Qd4 Kh7 30. Re5 Rg4 31. Rxh5+ Kg8 32. Qd3 Re4 33. Re5 Rxe5 34. Bxe5 Re6 35. Bg3 a5 36. Rd1 Qe8 37. Qf5 Rf6 38. Qe5 Qf7 39. Qb8+ Kh7 40. Re1 Qg6 41. Re8 Qb1+ 42. Kh2 Kg6 43. Rh8 Qe4 44. Qe8+ Qxe8 45. Rxe8 a4 46. bxa4 Bxa2 47. Rc8 Kf5 48. f3 Bd5 49. a5 Rf7 50. Bf2 g5 51. hxg5 Rh7+ 52. Kg1 Rb7 53. a6 Rb1+ 54. Kh2 Ra1 55. a7 c5 56. Rxc5 Kf4 57. Bg3+ Ke3 58. Rxd5 Rxa7 59. Re5+ Kd3 60. Kh3 1-0

[Event "SVK-chT1W 1516"]
[Site "Slovakia"]
[Date "2015.12.12"]
[Round "5.5"]
[White "Jakubek, Peter"]
[Black "Prasek, Ivan"]
[Result "1/2-1/2"]
[WhiteElo "2192"]
[BlackElo "2005"]
[PlyCount "66"]
[EventDate "2015.10.24"]
[EventType "team-tourn"]
[EventRounds "11"]
[EventCountry "SVK"]
[SourceTitle "CBM 170 Extra"]
[Source "ChessBase"]
[SourceDate "2016.02.25"]
[SourceVersion "1"]
[SourceVersionDate "2016.02.25"]
[SourceQuality "1"]
[WhiteTeam "Povazska Bystrica"]
[BlackTeam "Dubnica nad Vahom"]
[WhiteTeamCountry "SVK"]
[BlackTeamCountry "SVK"]

1. d4 Nf6 2. Bg5 g6 3. Bxf6 exf6 4. e3 Bg7 5. c4 0-0 6. g3 d6 7. Bg2 f5 8. Ne2 Nd7 9. Nbc3 Nf6 10. Qd3 Re8 11. 0-0 c6 12. b4 Qe7 13. b5 Ne4 14. bxc6 bxc6 15. Nxe4 fxe4 16. Qb3 Bf5 17. Rab1 Rac8 18. Nc3 Qd7 19. Qa4 Rc7 20. Qa6 Bh3 21. Bxh3 Qxh3 22. Rb7 Rxb7 23. Qxb7 c5 24. Qc6 Qe6 25. d5 Qe7 26. Nb5 Rd8 27. Rb1 Rd7 28. Rb3 Be5 29. Ra3 Kg7 30. Qa8 Qf6 31. Qc8 Qf3 32. Qxd7 Qd1+ 33. Kg2 Qf3+ 1/2-1/2

[Event "SVK-chT1W 1415"]
[Site "Slovakia"]
[Date "2015.01.31"]
[Round "7.2"]
[White "Sopko, Rudolf"]
[Black "Prasek, Ivan"]
[Result "1-0"]
[WhiteElo "1839"]
[BlackElo "2042"]
[PlyCount "81"]
[EventDate "2014.10.18"]
[EventType "team-tourn"]
[EventRounds "11"]
[EventCountry "SVK"]
[SourceTitle "EXT 2016"]
[Source "ChessBase"]
[SourceDate "2015.10.08"]
[SourceVersion "1"]
[SourceVersionDate "2015.10.08"]
[SourceQuality "1"]
[WhiteTeam "Trencin SK"]
[BlackTeam "Dubnica nad Vahom II"]
[WhiteTeamCountry "SVK"]
[BlackTeamCountry "SVK"]

1. e4 e5 2. Bc4 Nf6 3. d3 c6 4. c3 d5 5. exd5 cxd5 6. Bb3 Nc6 7. Bg5 Bc5 8. h3 Be6 9. Nd2 Qd7 10. Qe2 0-0-0 11. Ngf3 Rde8 12. 0-0-0 Nh5 13. g4 Nf4 14. Qf1 f6 15. Bxf4 exf4 16. d4 Be7 17. Bc2 g5 18. Ne1 Kb8 19. Nd3 h5 20. f3 Rh6 21. Nb3 b6 22. Nf2 Bd6 23. Re1 h4 24. Bd3 Re7 25. a4 Rh8 26. Bb5 Qc7 27. Qd3 Rg8 28. Re2 Bd7 29. Rhe1 Re3 30. Rxe3 fxe3 31. Nd1 Bg3 32. Re2 Re8 33. Nxe3 Nb4 34. Qg6 Bf4 35. Bxd7 Rxe3 36. Rxe3 Bxe3+ 37. Kb1 Qxd7 38. cxb4 Qxa4 39. Qg8+ Kc7 40. Qf7+ Kb8 41. Qf8+ 1-0

[Event "SVK-chT1W 1415"]
[Site "Slovakia"]
[Date "2015.01.10"]
[Round "5.1"]
[White "Prasek, Ivan"]
[Black "Capak, Stefan"]
[Result "1/2-1/2"]
[WhiteElo "2042"]
[BlackElo "2063"]
[PlyCount "35"]
[EventDate "2014.10.18"]
[EventType "team-tourn"]
[EventRounds "11"]
[EventCountry "SVK"]
[SourceTitle "EXT 2016"]
[Source "ChessBase"]
[SourceDate "2015.10.08"]
[SourceVersion "1"]
[SourceVersionDate "2015.10.08"]
[SourceQuality "1"]
[WhiteTeam "Dubnica nad Vahom II"]
[BlackTeam "Povazska Bystrica SK Sparta"]
[WhiteTeamCountry "SVK"]
[BlackTeamCountry "SVK"]

1. e4 c5 2. Nf3 e6 3. g3 Nc6 4. Bg2 Nf6 5. Qe2 d6 6. 0-0 Be7 7. c3 0-0 8. Rd1 Bd7 9. d4 cxd4 10. cxd4 Rc8 11. Nc3 a6 12. e5 Nd5 13. Nxd5 exd5 14. Bf4 Be6 15. Rac1 Qd7 16. exd6 Bxd6 17. Bxd6 Qxd6 18. Qd3 1/2-1/2

[Event "SVK-chT1W 1415"]
[Site "Slovakia"]
[Date "2014.11.30"]
[Round "4.1"]
[White "Prasek, Ivan"]
[Black "Viczencz, Peter"]
[Result "1-0"]
[WhiteElo "2042"]
[BlackElo "1864"]
[PlyCount "59"]
[EventDate "2014.10.18"]
[EventType "team-tourn"]
[EventRounds "11"]
[EventCountry "SVK"]
[SourceTitle "EXT 2016"]
[Source "ChessBase"]
[SourceDate "2015.10.08"]
[SourceVersion "1"]
[SourceVersionDate "2015.10.08"]
[SourceQuality "1"]
[WhiteTeam "Dubnica nad Vahom II"]
[BlackTeam "Komarno KSC"]
[WhiteTeamCountry "SVK"]
[BlackTeamCountry "SVK"]

1. e4 e5 2. Nf3 Nf6 3. d4 exd4 4. e5 Ne4 5. Qxd4 d5 6. exd6 Nxd6 7. Nc3 Nc6 8. Qf4 Bf5 9. Bb5 Bxc2 10. Ne5 Qe7 11. Nd5 Nxb5 12. Nxe7 Nxe7 13. Qxf7+ Kd8 14. Qc4 Nd6 15. Qxc2 Nd5 16. Bg5+ Be7 17. Bxe7+ Kxe7 18. 0-0 Rae8 19. Rad1 Kf6 20. Ng4+ Ke6 21. Rfe1+ Kd7 22. Ne5+ Ke6 23. Ng6+ Kd7 24. Nxh8 Rxh8 25. Rxd5 c6 26. Qf5+ Kc7 27. Re7+ Kb6 28. Rxd6 g5 29. Rdd7 Rb8 30. b4 1-0

[Event "SVK-chT1W 1415"]
[Site "Slovakia"]
[Date "2014.11.29"]
[Round "3.2"]
[White "Balogh, Peter"]
[Black "Prasek, Ivan"]
[Result "0-1"]
[WhiteElo "2028"]
[BlackElo "2042"]
[PlyCount "116"]
[EventDate "2014.10.18"]
[EventType "team-tourn"]
[EventRounds "11"]
[EventCountry "SVK"]
[SourceTitle "EXT 2016"]
[Source "ChessBase"]
[SourceDate "2015.10.08"]
[SourceVersion "1"]
[SourceVersionDate "2015.10.08"]
[SourceQuality "1"]
[WhiteTeam "Gabcikovo Russel"]
[BlackTeam "Dubnica nad Vahom II"]
[WhiteTeamCountry "SVK"]
[BlackTeamCountry "SVK"]

1. e4 e5 2. Nf3 Nc6 3. Bc4 Nf6 4. d4 exd4 5. 0-0 Nxe4 6. Re1 d5 7. Bxd5 Qxd5 8. Nc3 Qh5 9. Nxe4 Be6 10. Bg5 Bb4 11. c3 dxc3 12. bxc3 Ba5 13. Qc2 0-0 14. Rab1 Rfe8 15. Qa4 Bb6 16. c4 f5 17. Ned2 Nd4 18. c5 Bxc5 19. Nxd4 Bxd4 20. Nf3 Bb6 21. Re5 Qf7 22. Rbe1 Bd7 23. Qc2 Rxe5 24. Nxe5 Re8 25. Qd2 Qe6 26. h3 Ba4 27. Bf4 Qd6 28. Qe2 Qd4 29. Bd2 Bc6 30. Kh2 h6 31. f4 Qe4 32. Qf1 Qd5 33. Bc3 Bb5 34. Rd1 Bxf1 35. Rxd5 Re7 36. g4 fxg4 37. hxg4 Be3 38. Kg3 g5 39. f5 Bf4+ 40. Kf2 Bxe5 41. Bxe5 Bc4 42. Rc5 c6 43. Bb8 Bxa2 44. Bxa7 b5 45. Bb8 Bd5 46. Rc1 b4 47. Bd6 Re4 48. Ra1 Rxg4 49. Ra7 Re4 50. f6 Bf7 51. Be7 Kh7 52. Rc7 Rc4 53. Bf8 Kg6 54. Ke3 Kxf6 55. Bxh6 b3 56. Kd3 Bd5 57. Ra7 Rc2 58. Rb7 Rh2 0-1

[Event "SVK-chT1W 1314"]
[Site "Slovakia"]
[Date "2014.03.22"]
[Round "10.7"]
[White "Hlubovic, Michal"]
[Black "Prasek, Ivan"]
[Result "0-1"]
[WhiteElo "1782"]
[BlackElo "1950"]
[PlyCount "60"]
[EventDate "2013.10.12"]
[EventType "team-tourn"]
[EventRounds "11"]
[EventCountry "SVK"]
[SourceTitle "EXT 2015"]
[Source "ChessBase"]
[SourceDate "2014.11.20"]
[SourceVersion "1"]
[SourceVersionDate "2014.11.20"]
[SourceQuality "1"]
[WhiteTeam "Modra"]
[BlackTeam "Dubnica nad Vahom II"]
[WhiteTeamCountry "SVK"]
[BlackTeamCountry "SVK"]

1. Nf3 Nf6 2. g3 g6 3. Bg2 Bg7 4. d3 d6 5. 0-0 0-0 6. e4 c5 7. Re1 Nc6 8. Nbd2 Rb8 9. h3 b5 10. a3 a5 11. c3 Bd7 12. Kh2 a4 13. e5 Nxe5 14. Nxe5 dxe5 15. Rxe5 Ng4+ 16. hxg4 Bxe5 17. Ne4 Qc8 18. f3 b4 19. axb4 cxb4 20. d4 Bg7 21. Nc5 a3 22. Qe1 axb2 23. Bxb2 bxc3 24. Bxc3 Bc6 25. Ra7 e6 26. g5 Rd8 27. Qe3 Ra8 28. Rxa8 Qxa8 29. d5 Bxc3 30. Qxc3 Bxd5 0-1

[Event "SVK-chT2B 1213"]
[Site "Slovakia"]
[Date "2013.03.16"]
[Round "10.2"]
[White "Prasek, Ivan"]
[Black "Molnar, Erno"]
[Result "1-0"]
[WhiteElo "1833"]
[BlackElo "1947"]
[PlyCount "57"]
[EventDate "2012.10.13"]
[EventType "team-tourn"]
[EventRounds "11"]
[EventCountry "SVK"]
[SourceTitle "EXT 2015"]
[Source "ChessBase"]
[SourceDate "2014.11.20"]
[SourceVersion "1"]
[SourceVersionDate "2014.11.20"]
[SourceQuality "1"]
[WhiteTeam "Dubnica nad Vahom II"]
[BlackTeam "Komarno II"]
[WhiteTeamCountry "SVK"]
[BlackTeamCountry "SVK"]

1. e4 c5 2. Nc3 g6 3. f4 Bg7 4. Nf3 Nc6 5. Bb5 d6 6. Bxc6+ bxc6 7. d3 e6 8. 0-0 Ne7 9. e5 d5 10. Na4 Qa5 11. c4 0-0 12. b3 Nf5 13. Qd2 Qc7 14. Nxc5 Rd8 15. Qf2 Bf8 16. Bd2 d4 17. Ne4 Be7 18. g4 Ng7 19. Nf6+ Bxf6 20. exf6 Ne8 21. Qh4 c5 22. Rae1 Qb6 23. Ne5 Qc7 24. Rf3 Bb7 25. Rh3 Nxf6 26. Qxf6 Rac8 27. Ba5 Qxa5 28. Qxf7+ Kh8 29. Nxg6# 1-0

[Event "SVK-chT2B 1213"]
[Site "Slovakia"]
[Date "2012.12.16"]
[Round "6.8"]
[White "Federic, Edvin"]
[Black "Prasek, Ivan"]
[Result "0-1"]
[WhiteElo "1434"]
[BlackElo "1833"]
[PlyCount "30"]
[EventDate "2012.10.13"]
[EventType "team-tourn"]
[EventRounds "11"]
[EventCountry "SVK"]
[SourceTitle "EXT 2015"]
[Source "ChessBase"]
[SourceDate "2014.11.20"]
[SourceVersion "1"]
[SourceVersionDate "2014.11.20"]
[SourceQuality "1"]
[WhiteTeam "Bojnice"]
[BlackTeam "Dubnica nad Vahom II"]
[WhiteTeamCountry "SVK"]
[BlackTeamCountry "SVK"]

1. e4 e5 2. Nf3 Nc6 3. d4 exd4 4. Bc4 Nf6 5. e5 d5 6. Bb5 Ne4 7. Nxd4 Bd7 8. Bxc6 bxc6 9. Nd2 Nxf2 10. Kxf2 Qh4+ 11. Ke3 c5 12. N4f3 d4+ 13. Kd3 Qh6 14. b3 Qe3+ 15. Kc4 Qc3+ 0-1

[Event "SVK-chT2B 1213"]
[Site "Slovakia"]
[Date "2012.12.15"]
[Round "5.6"]
[White "Psota, Roman"]
[Black "Prasek, Ivan"]
[Result "0-1"]
[WhiteElo "1819"]
[BlackElo "1833"]
[PlyCount "44"]
[EventDate "2012.10.13"]
[EventType "team-tourn"]
[EventRounds "11"]
[EventCountry "SVK"]
[SourceTitle "EXT 2015"]
[Source "ChessBase"]
[SourceDate "2014.11.20"]
[SourceVersion "1"]
[SourceVersionDate "2014.11.20"]
[SourceQuality "1"]
[WhiteTeam "Trencin II"]
[BlackTeam "Dubnica nad Vahom II"]
[WhiteTeamCountry "SVK"]
[BlackTeamCountry "SVK"]

1. d4 Nf6 2. Nf3 g6 3. c4 Bg7 4. Nc3 0-0 5. g3 d6 6. Bg2 Nc6 7. d5 Na5 8. Qa4 c5 9. Nd2 Bd7 10. Qa3 a6 11. b4 cxb4 12. Qxb4 b5 13. cxb5 axb5 14. 0-0 Rc8 15. Bb2 Nc4 16. Nxc4 Rxc4 17. Qb3 Qc7 18. Rfc1 Rc8 19. Nxb5 Rxc1+ 20. Bf1 Rxf1+ 21. Rxf1 Bxb5 22. Rc1 Bc4 0-1

[Event "SVK-chT2B 1213"]
[Site "Slovakia"]
[Date "2012.10.13"]
[Round "1.7"]
[White "Frajka, Peter"]
[Black "Prasek, Ivan"]
[Result "0-1"]
[WhiteElo "1833"]
[BlackElo "1833"]
[PlyCount "68"]
[EventDate "2012.10.13"]
[EventType "team-tourn"]
[EventRounds "11"]
[EventCountry "SVK"]
[SourceTitle "EXT 2015"]
[Source "ChessBase"]
[SourceDate "2014.11.20"]
[SourceVersion "1"]
[SourceVersionDate "2014.11.20"]
[SourceQuality "1"]
[WhiteTeam "Topolcianky"]
[BlackTeam "Dubnica nad Vahom II"]
[WhiteTeamCountry "SVK"]
[BlackTeamCountry "SVK"]

1. d4 Nf6 2. c4 g6 3. Nc3 Bg7 4. e4 d6 5. f3 0-0 6. Be3 Nbd7 7. Qd2 c5 8. d5 Ne5 9. Bd3 a6 10. Nge2 Qa5 11. 0-0 b5 12. cxb5 c4 13. Bc2 axb5 14. a3 Nfd7 15. Nd4 Ba6 16. f4 Ng4 17. Nc6 Qc7 18. Nxe7+ Kh8 19. Nc6 Nxe3 20. Qxe3 Rae8 21. a4 bxa4 22. Rxa4 Nc5 23. Ra2 Ra8 24. Rfa1 Bb7 25. Nb5 Qb6 26. Nxd6 Rxa2 27. Rxa2 Bxc6 28. dxc6 Qxc6 29. Nxc4 Ne6 30. Qb3 Qc5+ 31. Kf1 Nxf4 32. Nd2 Qg5 33. Qg3 Qb5+ 34. Kg1 Ne2+ 0-1